00545nam a2200181Ia 4500001001000000003000500010008004100015010001100056040000900067082001800076100002300094245005700117260006000174300001000234440003300244650003100277710005500308Para_2441CHAP220125s1984 xx 000 0 und d a200975 cCHAP aPA 635.656 H3 aHagedorn, Donald J aCompedium of pea diseases /c by Donald J. Hagedorn aSt. Paul, Minn. :b American Phytopathological Society a57 p. aThe disease compedium series aChícharo x Enfermedades aAmerican Phytopathological Society. St. Paul, Minn